000 01176nam a2200229 i 4500
001 bg
245 0 0 _aNowe tendencje w nauce o organizacji i zarządzaniu :
_bmiędzynarodowa konferencja naukowa, Szklarska Poręba 17-19 września 1998.
260 _aWrocław :
_bOficyna Wydawnicza PW,
_c1998.
300 _a359 s. :
_b1 mapa, rys., wykr. ;
_c24 cm.
490 1 _aPrace Naukowe Instytutu Organizacji i Zarządzania Politechniki Wrocławskiej. Konferencje =
_aScientific Papers of the Institute of Industrial Engineering and Management of the Wrocław University of Technology. Conferences,
_x0324-9484 ;
_v21
500 _aTyt. równol. : New trends in industrial engineering and management. - Nr serii gł. : 68. - Tekst częśc. niem., słowo wstępne równol. pol., niem. - Streszcz. ang., niem.
504 _aBibliogr. przy ref.
650 9 _aOrganizacja
650 9 _aZarządzanie
655 _aMateriały konferencyjne
830 0 _aPrace Naukowe Instytutu Organizacji i Zarządzania Politechniki Wrocławskiej.
_pKonferencje ;
_v21
040 _cBPK
041 0 _aplen
_bende
080 _a65.01(061)
942 _cKS
008 s pl f |000 0 pol
999 _c34522
_d34522
856 _uhttp://koha.tu.koszalin.pl/cgi-bin/koha/opac-detail.pl?biblionumber=34522
_yKatalog online BPK